000 01987nam a2200253Ia 4500
003 Ost
005 20260507075448.0
008 260507s9999||||xx |||||||||||||| ||und||
040 _cfsecg
041 _aara
082 _a511.8
100 _aالاشقر، احمد
_eمؤلف
245 0 _aالرياضيات في الاقتصاد والتجارة والعلوم الادارية /
_c احمد الاشقر
250 _aطبعة 1
260 _aعمان:
_bالدار الثقافة,
_c2001
300 _a297 صفحة؛
504 _aبيبايوغرافيا ص.287
520 _aيبحث هذا الكتاب في حل المعادلات و المتراجحات و تطبيقاتها كما يتناول حل المعادلات و المتراجحات و المصفوفات و تطبيقاتها و البرمجة الخطية و المصفوفات و الأشعة و العمليات الجبرية على المصفوفات. و يدرس الباب الثاني من الكتاب الدالة في متحول واحد و تعيينها و نهايتها و استمرارها واشتقاقها، و الدالة في عدد من المتحولات و تعيين نهايتها العظمى و الصغرى و تطبيقاتها. ثم ينتقل إلى شرح التكامل و قواعده و تطبيقاته الاقتصادية، بالإضافة إلى المتواليات الحسابية و الفائدة بأنواعها. و يتميز الكتاب باستخدام الأساليب الرياضية، حيث يحتوي على مجموعة كبيرة من التطبيقات الرياضية و التمارين، و ذلك بأسلوب سهل خال من التعقيد و بلغة مبسطة يستطيع القراء بمختلف مستوياتهم فهمها و استيعابها
653 _aالرياضيات
653 _aالمتتاليات الحسابية
653 _aالمتراجحات
653 _aالمصفوفات
942 _cكتاب
999 _c44601
_d44601